Statistics for Brand Logos Quiz #6

Click here to take the quiz!

General Stats

  • This quiz has been taken 108,193 times
  • The average score is 13 of 20

Answer Stats

Answer% Correct
Coca-Cola
97%
Dove
96%
Subway
92%
Lays
91%
Doritos
90%
Nickelodeon
86%
Mountain Dew
82%
Harley-Davidson
80%
IBM
75%
Marvel Comics
75%
Blockbuster
73%
Lipton
70%
Nerf
58%
Chick-fil-A
55%
CBS
46%
Hoover
33%
AOL
26%
Big Boy
25%
Tivo
19%
Starter
18%

Score Distribution

Percentile by Number Answered

Percent of People with Each Score

Your Score History

You have not taken this quiz